000 00799nam a2200253Ia 4500
003 GCL
008 140319s9999 xx 000 0 ara d
040 _aGCL /
_cGCL
082 0 4 _aط
_b403
_bس ق
100 1 _aساهرة النابلسى
245 1 0 _aقاموس الطفل العربى : عربى , انكليزى , فرنسى /
_cساهرة النابلسى
700 1 _aحامد زغلول
260 _a[S.N] :
_bالمؤسسة العربية للدراسات والنشر ،
_c1991
300 _a140 ص
490 _a
650 0 4 _aالاطفال
650 0 4 _aاللغة الفرنسية
650 0 4 _aاللغات
650 0 4 _aاللغة العربية
650 0 4 _aالمعاجم
650 0 4 _aاللغة الانجليزية
650 0 4 _aتعليم
942 _2ddc
_cBK
999 _c56118
_d56118